[Event "MCR_SF06"]
[Site "?"]
[Date "2006.??.??"]
[Round "?"]
[White "Slavik, Miroslav"]
[Black "Storkan, Zdenek"]
[Result "0-1"]
[WhiteElo "2198"]
[BlackElo "2224"]
[PlyCount "62"]
[EventDate "2006.??.??"]
[EventType "corr"]
[EventRounds "2"]
[SourceDate "2006.08.10"]

1. d4 Nf6 2. c4 g6 3. Nc3 d5 4. Nf3 Bg7 5. Bf4 O-O 6. e3 c5 7. dxc5 Qa5 8. Rc1
dxc4 9. Bxc4 Qxc5 10. Nb5 Be6 11. O-O Bxc4 12. Nc7 Nd5 13. Nxa8 Bxb2 14. Rc2
Bf6 15. Qc1 b5 16. Bh6 Rc8 17. a3 b4 18. e4 b3 19. Rxc4 Qxc4 20. Qxc4 Rxc4 21.
exd5 b2 22. h4 Nd7 23. Rb1 Rc8 24. Bg5 h6 25. Bxh6 Rxa8 26. Bg5 Rc8 27. Kh2
Bxg5 28. hxg5 Rc2 29. Ne1 Rd2 30. Nf3 Rxf2 31. Kg3 Rc2 0-1

[Event "MCR_SF06"]
[Site "?"]
[Date "2006.??.??"]
[Round "?"]
[White "Brichacek, Milan"]
[Black "Slavik, Miroslav"]
[Result "0-1"]
[WhiteElo "2117"]
[BlackElo "2198"]
[PlyCount "92"]
[EventDate "2006.??.??"]
[EventType "corr"]
[EventRounds "2"]
[SourceDate "2006.08.10"]

1. e4 c6 2. d4 d5 3. exd5 cxd5 4. c4 Nf6 5. Nc3 e6 6. Nf3 Bb4 7. cxd5 Nxd5 8.
Bd2 Nc6 9. Bd3 O-O 10. O-O Be7 11. Nxd5 Qxd5 12. Bc3 Nb4 13. Bxb4 Bxb4 14. Qc2
Qh5 15. Rac1 Bd6 16. Ne5 f6 17. Be2 Qh6 18. Nf3 Kh8 19. Qb3 g5 20. h3 Bf4 21.
Rc2 e5 22. dxe5 Bxh3 23. gxh3 Qxh3 24. exf6 Rxf6 25. Qc3 Qh6 26. Kg2 g4 27. Rh1
gxf3+ 28. Bxf3 Qg6+ 29. Kf1 Rd8 30. Rh4 Bh6 31. Rd4 Rdf8 32. Be4 Qg7 33. Rc4
Rg8 34. Qd4 Qg1+ 35. Ke2 Qg4+ 36. f3 Qg2+ 37. Qf2 Qh3 38. Qd4 Bg7 39. Qxa7 Rd8
40. Qg1 Rfd6 41. b4 Bf6 42. Bxb7 Qd7 43. Qc5 Rd1 44. Rg4 Qxb7 45. Qc4 Qe7+ 46.
Qe4 Qd6 0-1

[Event "MCR_SF06"]
[Site "?"]
[Date "2006.??.??"]
[Round "?"]
[White "Storkan, Zdenek"]
[Black "Struzka, Vlastimil"]
[Result "1/2-1/2"]
[WhiteElo "2224"]
[BlackElo "2153"]
[PlyCount "84"]
[EventDate "2006.??.??"]
[EventType "corr"]
[EventRounds "2"]
[SourceDate "2006.08.10"]

1. e4 c5 2. Nf3 Nc6 3. d4 cxd4 4. Nxd4 Nf6 5. Nc3 e6 6. Ndb5 Bb4 7. a3 Bxc3+ 8.
Nxc3 d5 9. exd5 exd5 10. Bd3 Bg4 11. f3 Be6 12. Bg5 Qb6 13. Qd2 Qxb2 14. O-O
Qb6+ 15. Kh1 Qa5 16. Rab1 d4 17. Ne4 Qxd2 18. Bxd2 Nxe4 19. Bxe4 O-O-O 20. Bf4
Na5 21. Bd2 b6 22. Bxa5 bxa5 23. Rb5 Rd7 24. Rfb1 Kc7 25. Rxa5 Kd6 26. Rb4 Ke7
27. Rba4 f5 28. Bd3 Rb8 29. Kg1 Rb1+ 30. Kf2 Rbb7 31. Bxf5 Bxf5 32. Rxf5 Rbc7
33. Re5+ Kf6 34. Re2 Rc5 35. Ra6+ Kf7 36. Rd2 Rc4 37. h4 g6 38. g4 Kg7 39. Kg3
h5 40. gxh5 gxh5 41. a4 Kh7 42. Ra5 Kh6 1/2-1/2

[Event "MCR_SF06"]
[Site "?"]
[Date "2006.??.??"]
[Round "?"]
[White "Chvojka, Jaroslav"]
[Black "Houdek, Vladimir"]
[Result "1/2-1/2"]
[WhiteElo "2261"]
[BlackElo "2146"]
[PlyCount "135"]
[EventDate "2006.??.??"]
[EventType "corr"]
[EventRounds "2"]
[SourceDate "2006.08.10"]

1. e4 e5 2. Nf3 Nc6 3. Bb5 a6 4. Ba4 Nf6 5. O-O Be7 6. Nc3 b5 7. Bb3 d6 8. Nd5
O-O 9. Re1 Na5 10. d4 c6 11. Nxe7+ Qxe7 12. Bg5 Bg4 13. dxe5 dxe5 14. Qd3 h6
15. Bh4 Rfd8 16. Qc3 Nxb3 17. axb3 Bxf3 18. Qxf3 Rd4 19. Kf1 Rd2 20. Qc3 Qd6
21. Bxf6 gxf6 22. Re2 Rd4 23. h3 c5 24. Kg1 Rd8 25. Kh2 Kh7 26. Qf3 Qe6 27.
Qf5+ Qxf5 28. exf5 R8d6 29. g3 Rd2 30. Rae1 h5 31. h4 Rxe2 32. Rxe2 Rd1 33. Kg2
Kg7 34. Kf3 Kf8 35. Re3 b4 36. Re4 Ke7 37. Rc4 Kd6 38. g4 hxg4+ 39. Rxg4 Ke7
40. Rc4 Rd5 41. Ke2 Kf8 42. Rg4 e4 43. Rxe4 Rxf5 44. Re3 Rf4 45. Rf3 Re4+ 46.
Kd3 Rd4+ 47. Ke3 Kg7 48. Rf5 Rxh4 49. Rxc5 Rh1 50. Ra5 Rc1 51. Kd3 Rd1+ 52. Kc4
Rd2 53. c3 Rxf2 54. Rxa6 f5 55. Kxb4 f4 56. Ra1 f3 57. c4 Rxb2 58. Rf1 f2 59.
Kc3 Ra2 60. Kd4 Kf8 61. b4 Ke7 62. Kc5 Rc2 63. b5 f5 64. Kb6 Rxc4 65. Rxf2 f4
66. Kb7 Rb4 67. b6 Kd6 68. Rf1 1/2-1/2

[Event "MCR_SF06"]
[Site "?"]
[Date "2006.??.??"]
[Round "?"]
[White "Styblo, Pavel"]
[Black "Vinklarek, Vlastimil"]
[Result "1-0"]
[WhiteElo "2305"]
[BlackElo "2140"]
[PlyCount "91"]
[EventDate "2006.??.??"]
[EventType "corr"]
[EventRounds "2"]
[SourceDate "2006.08.10"]

1. c4 c6 2. e4 d5 3. exd5 cxd5 4. d4 Nf6 5. Nc3 e6 6. Nf3 Be7 7. cxd5 Nxd5 8.
Bd3 Nc6 9. O-O O-O 10. Re1 Bf6 11. Be4 Nce7 12. Ne5 g6 13. Bh6 Bg7 14. Bxg7
Kxg7 15. Qf3 a6 16. Rac1 f6 17. Nd3 Qd6 18. Bxd5 Nxd5 19. Nxd5 exd5 20. Qf4 Qd8
21. Rc7+ Rf7 22. Rxf7+ Kxf7 23. Qh6 Qh8 24. Nf4 Bd7 25. Nxd5 Re8 26. Rxe8 Bxe8
27. Qf4 Bd7 28. Qd6 Qd8 29. Nb6 Ke8 30. Qxd7+ Qxd7 31. Nxd7 Kxd7 32. Kf1 b5 33.
Ke2 Ke6 34. g4 f5 35. g5 Kd6 36. Kd3 Kc6 37. b3 Kd6 38. a4 Ke6 39. axb5 axb5
40. Kc3 Kd5 41. Kb4 Kxd4 42. Kxb5 Kd3 43. Kc5 Ke2 44. b4 Kxf2 45. b5 Kg2 46. b6
1-0